Hip Hop Artists - Statistics

General Stats
  • This quiz has been taken 303 times
  • The average score is 9 of 12
Answer Stats
Hint Answer % Correct
Mockingbird, Rap God, Lose Yourself Eminem
98%
Anaconda, Starships, Super Bass Nicki Minaj
89%
Diamonds, Umbrella, We Found Love Rihanna
89%
Crazy in Love, Halo, Single Ladies Beyoncé
86%
I Need a Doctor, The Next Episode, No Diggity Dr. Dre
84%
Cudi Zone, Day and Night, Memories Kid Cudi
76%
Only, Lollipop, Mirror Lil Wayne
75%
Black and Yellow, We Dem Boys, Work Hard, Play Hard Wiz Khalifa
75%
Can't Touch This, Too Legit to Quit, You Can't Touch This MC Hammer
69%
Fancy, Black Widow, Work Iggy Azelea
50%
Don't Wake Me Up, Loyal, Only Chris Brown
42%
Wiggle, Hangover, Sweat Snoop Dogg
40%
No matching quizzes found
Score Distribution
Percent of People with Each Score
Percentile by Number Answered
Your Score History
You have not taken this quiz